|
|
|
|
| LEADER |
00800nam a2200193 a 4500 |
| 001 |
GR-MES8579 |
| 008 |
020906s19941996enk 000 0 gre d |
| 020 |
|
|
|a 0749419652
|
| 040 |
|
|
|a GrPaTEI
|b gre
|c GR-PaULI
|
| 040 |
|
|
|a GrPaTEI
|b gre
|c GR-PaULI
|
| 245 |
0 |
0 |
|a Practical business re-engineering :
|b tools and techniques for achieving effective change /
|c Nick Obolensky.
|
| 260 |
|
|
|a London :
|b Kogan page,
|c 1996
|
| 300 |
|
|
|a 346 σελ. :
|b πιν.,διαγρ.
|
| 650 |
|
4 |
|a Μάνατζμεντ
|
| 700 |
1 |
|
|a Obolensky, Nick
|
| 942 |
|
|
|2 ddc
|
| 952 |
|
|
|0 0
|1 0
|2 ddc
|4 0
|6 658_406000000000000_3_OBO
|7 0
|9 278912
|a MSLG
|b MSLG
|c BSC
|d 2021-01-17
|e 24
|f 0
|g 0.00
|l 0
|o 658.406 3 OBO
|p 2420000015984
|r 2021-01-17 00:00:00
|t 1
|w 2021-01-17
|y BK15
|x 20020906 0 1
|x GrPaTEI
|
| 971 |
|
|
|a .b25870506
|b 15-04-20
|c 14-09-16
|
| 999 |
|
|
|c 162443
|d 162443
|